[Event "4NCL Division 2d"]
[Site "Telford, ENG"]
[Date "2018.03.18"]
[Round "8.51"]
[White "Swanson, Stephen"]
[Black "Townsend, M Paul"]
[Result "1/2-1/2"]
[WhiteElo "2206"]
[BlackElo "2297"]
[PlyCount "55"]
[EventDate "2018.03.18"]
[WhiteTeam "Poisoned Pawns 1"]
[BlackTeam "White Rose 2"]

1. e4 e6 2. d3 d5 3. Nd2 Nf6 4. Ngf3 c5 5. g3 Be7 6. Bg2 O-O 7. O-O Nc6 8. Re1
Qc7 9. e5 Nd7 10. Qe2 b5 11. Nf1 Bb7 12. Bf4 Rfc8 13. h4 Nd4 14. Nxd4 cxd4 15.
Rec1 a5 16. Nh2 Qb6 17. Ng4 Bf8 18. h5 h6 19. Nh2 Rc6 20. Nf3 Rac8 21. g4 Be7
22. Qd2 b4 23. Ne1 Qc7 24. Nf3 Rxc2 25. Rxc2 Qxc2 26. Qxc2 Rxc2 27. Nxd4 Rc8
28. Bf1 1/2-1/2

[Event "4NCL Division 2d"]
[Site "Telford, ENG"]
[Date "2018.03.18"]
[Round "8.52"]
[White "Gayson, Peter M"]
[Black "Harley, Andrew D"]
[Result "1/2-1/2"]
[WhiteElo "2128"]
[BlackElo "2196"]
[PlyCount "95"]
[EventDate "2018.03.18"]
[WhiteTeam "White Rose 2"]
[BlackTeam "Poisoned Pawns 1"]

1. e4 e6 2. d4 d5 3. Nd2 c5 4. Ngf3 cxd4 5. exd5 Qxd5 6. Bc4 Qd6 7. O-O Nf6 8.
Nb3 Nc6 9. Nbxd4 Nxd4 10. Nxd4 a6 11. a4 Qc7 12. b3 Bd6 13. h3 O-O 14. Qe2 e5
15. Nf3 e4 16. Nd4 Re8 17. Be3 Qa5 18. Rad1 Qe5 19. f4 exf3 20. Nxf3 Qxe3+ 21.
Qxe3 Rxe3 22. Rxd6 Bf5 23. Re1 Rae8 24. Rxe3 Rxe3 25. Rd8+ Re8 26. Rxe8+ Nxe8
27. Nd4 Be4 28. Kf2 Nd6 29. Bd3 Bxd3 30. cxd3 Kf8 31. Ke3 Ke7 32. Nf3 f6 33.
Kd4 Kd7 34. Kd5 Nf5 35. g4 Ne7+ 36. Kc5 Kc7 37. a5 Ng6 38. h4 Nf4 39. d4 Ne6+
40. Kd5 Kd7 41. Ke4 Nc7 42. h5 Ke6 43. Nh4 Nd5 44. Nf5 g6 45. Ng7+ Kd6 46. Ne8+
Ke6 47. Ng7+ Kd6 48. Ne8+ 1/2-1/2

[Event "4NCL Division 2d"]
[Site "Telford, ENG"]
[Date "2018.03.18"]
[Round "8.53"]
[White "Clark, Kevin R"]
[Black "Burnett, Jim"]
[Result "1/2-1/2"]
[WhiteElo "2134"]
[BlackElo "2103"]
[PlyCount "55"]
[EventDate "2018.03.18"]
[WhiteTeam "Poisoned Pawns 1"]
[BlackTeam "White Rose 2"]

1. e4 e6 2. d4 d5 3. Nd2 Nf6 4. e5 Nfd7 5. c3 c5 6. Bd3 Nc6 7. Ne2 cxd4 8. cxd4
f6 9. exf6 Nxf6 10. Nf3 Bd6 11. Nc3 a6 12. Bg5 Qc7 13. Bh4 O-O 14. Bg3 e5 15.
dxe5 Nxe5 16. Nxe5 Bxe5 17. O-O Bxg3 18. hxg3 Qb6 19. Nxd5 Qxb2 20. Rb1 Qe5 21.
Bc4 Kh8 22. Nxf6 Qxf6 23. Qd5 Rd8 24. Qa5 b5 25. Rbd1 Rxd1 26. Rxd1 Bg4 27. Bd5
Rd8 28. Re1 1/2-1/2

[Event "4NCL Division 2d"]
[Site "Telford, ENG"]
[Date "2018.03.18"]
[Round "8.54"]
[White "Shaw, Peter"]
[Black "Byway, Paul V"]
[Result "1/2-1/2"]
[WhiteElo "2116"]
[BlackElo "2052"]
[PlyCount "42"]
[EventDate "2018.03.18"]
[WhiteTeam "White Rose 2"]
[BlackTeam "Poisoned Pawns 1"]

1. d4 Nf6 2. c4 e6 3. Nf3 d5 4. Nc3 Be7 5. Bf4 O-O 6. e3 Nbd7 7. c5 c6 8. Bd3
b6 9. b4 bxc5 10. bxc5 Qa5 11. Qd2 Ba6 12. O-O Bd8 13. Rfb1 Bxd3 14. Qxd3 Bc7
15. Rb7 Bxf4 16. exf4 Rfb8 17. Rab1 Rxb7 18. Rxb7 Rb8 19. Rxb8+ Nxb8 20. Qb1
Qc7 21. g3 Nfd7 1/2-1/2

[Event "4NCL Division 2d"]
[Site "Telford, ENG"]
[Date "2018.03.18"]
[Round "8.55"]
[White "Davison, Chris"]
[Black "Li, Harry"]
[Result "1-0"]
[WhiteElo "2060"]
[BlackElo "2031"]
[PlyCount "97"]
[EventDate "2018.03.18"]
[WhiteTeam "Poisoned Pawns 1"]
[BlackTeam "White Rose 2"]

1. e4 e5 2. Nf3 Nc6 3. Nc3 Nf6 4. Bb5 Bd6 5. O-O Nd4 6. Re1 Nxf3+ 7. Qxf3 O-O
8. d3 h6 9. Ne2 Re8 10. Ng3 c6 11. Bc4 Be7 12. Nh5 d6 13. Bd2 Rf8 14. h3 Nxh5
15. Qxh5 Bg5 16. Bxg5 Qxg5 17. Qxg5 hxg5 18. Re3 a5 19. a4 g4 20. hxg4 Bxg4 21.
Rg3 Bd7 22. Rf1 b5 23. axb5 cxb5 24. Bd5 Rac8 25. c3 Bc6 26. Ba2 b4 27. cxb4
axb4 28. f4 exf4 29. Rxf4 Bd7 30. Rf6 Rc1+ 31. Kh2 Be6 32. Rfg6 fxg6 33. Bxe6+
Rf7 34. Rf3 Rcc7 35. Rxf7 Rxf7 36. Kg3 Kf8 37. Bxf7 Kxf7 38. Kf4 Kf6 39. g4 g5+
40. Ke3 d5 41. exd5 Ke5 42. d6 Kxd6 43. Kd4 b3 44. Kc4 Ke5 45. d4+ Kf4 46. d5
Kxg4 47. d6 Kf3 48. d7 g4 49. d8=Q 1-0

[Event "4NCL Division 2d"]
[Site "Telford, ENG"]
[Date "2018.03.18"]
[Round "8.56"]
[White "Sucikova, Svetlana"]
[Black "Bin-Suhayl, Ieysaa"]
[Result "1/2-1/2"]
[WhiteElo "2109"]
[BlackElo "2021"]
[PlyCount "74"]
[EventDate "2018.03.18"]
[WhiteTeam "White Rose 2"]
[BlackTeam "Poisoned Pawns 1"]

1. Nf3 Nf6 2. c4 c5 3. Nc3 Nc6 4. g3 g6 5. Bg2 d6 6. O-O Bg7 7. d4 cxd4 8. Nxd4
Bd7 9. b3 O-O 10. Bb2 a6 11. Rc1 Qa5 12. Qd2 Rfc8 13. Rfd1 Rab8 14. e3 b5 15.
Nce2 Qxd2 16. Rxd2 Nxd4 17. exd4 bxc4 18. bxc4 Be6 19. d5 Bf5 20. Nd4 Ne4 21.
Bxe4 Bxe4 22. Ba3 Bh6 23. f4 g5 24. Nc6 Rb7 25. Re1 f5 26. fxg5 Bxg5 27. Rf2 e6
28. Bxd6 exd5 29. cxd5 Rd7 30. Bf4 Rxd5 31. Na7 Ra8 32. Bxg5 Rxa7 33. Bh6 Re7
34. Rb2 Rb5 35. Rd2 Kf7 36. Bf4 Reb7 37. Kf2 Rd5 1/2-1/2

[Event "4NCL Division 2d"]
[Site "Telford, ENG"]
[Date "2018.03.18"]
[Round "8.57"]
[White "Rosen, Daniel B"]
[Black "Ho, Conrad"]
[Result "1-0"]
[WhiteElo "2061"]
[BlackElo "2077"]
[PlyCount "81"]
[EventDate "2018.03.18"]
[WhiteTeam "Poisoned Pawns 1"]
[BlackTeam "White Rose 2"]

1. e4 c5 2. Nc3 e6 3. g3 Nc6 4. Bg2 g6 5. d3 Bg7 6. Be3 d6 7. Nge2 Nge7 8. Qd2
Nd4 9. O-O O-O 10. Nd1 Rb8 11. c3 Nxe2+ 12. Qxe2 b5 13. d4 cxd4 14. cxd4 Qa5
15. f4 Bd7 16. Nf2 b4 17. Qd2 Qa4 18. d5 exd5 19. f5 gxf5 20. exd5 Rfc8 21.
Rfc1 Rxc1+ 22. Rxc1 Qxa2 23. Bd4 Bxd4 24. Qxd4 Ng6 25. Nd3 a5 26. h4 Rc8 27.
Rxc8+ Bxc8 28. h5 Qb1+ 29. Kh2 Ne7 30. Nf4 h6 31. Qf6 b3 32. Qxe7 Qxb2 33. Qe8+
Kg7 34. Qxc8 a4 35. Qd7 a3 36. Ne6+ Kf6 37. Qd8+ Ke5 38. Qh8+ f6 39. Qxh6 Qf2
40. Qf4+ Qxf4 41. gxf4# 1-0

[Event "4NCL Division 2d"]
[Site "Telford, ENG"]
[Date "2018.03.18"]
[Round "8.58"]
[White "O'driscoll, Kieran"]
[Black "Nendick, Philip Hc"]
[Result "1/2-1/2"]
[WhiteElo "2070"]
[BlackElo "2057"]
[PlyCount "84"]
[EventDate "2018.03.18"]
[WhiteTeam "White Rose 2"]
[BlackTeam "Poisoned Pawns 1"]

1. d4 Nc6 2. Nf3 d5 3. c4 Bg4 4. cxd5 Bxf3 5. gxf3 Qxd5 6. e3 e5 7. Nc3 Bb4 8.
Bd2 Bxc3 9. bxc3 Qd6 10. Bg2 Nge7 11. Qa4 O-O 12. f4 exf4 13. e4 Rad8 14. O-O-O
b5 15. Qxb5 Rb8 16. Qc5 Qxc5 17. dxc5 Rb5 18. Bxf4 Rxc5 19. Bxc7 Rxc3+ 20. Kb2
Rc5 21. Rd7 Ng6 22. Rd5 Rc4 23. Bd6 Rc8 24. Bh3 Re8 25. f3 Nd4 26. Bf1 Ra4 27.
Bd3 Rc8 28. f4 h6 29. h4 Rc6 30. a3 Rb6+ 31. Ka2 Nxf4 32. Bxf4 Rb3 33. Bd6 Rxd3
34. Rh2 Re3 35. e5 Nf3 36. Rc2 Nxh4 37. Bc5 Ree4 38. Be7 Ng6 39. Bd6 h5 40.
Rc8+ Kh7 41. Rc7 Re2+ 42. Kb3 Rae4 1/2-1/2

[Event "4NCL Division 2d"]
[Site "Telford, ENG"]
[Date "2018.03.18"]
[Round "8.61"]
[White "Zeidler, Sven P"]
[Black "Tukpetov, Evgeny"]
[Result "1-0"]
[WhiteElo "2153"]
[BlackElo "2286"]
[PlyCount "131"]
[EventDate "2018.03.18"]
[WhiteTeam "West is Best 2"]
[BlackTeam "Kings Head"]

1. e4 b6 2. d4 Bb7 3. Bd3 Nf6 4. Qd2 Nc6 5. c3 e5 6. Nf3 d6 7. O-O Be7 8. d5
Nb8 9. c4 O-O 10. Nc3 c6 11. Ne1 Nbd7 12. g3 a6 13. f4 b5 14. dxc6 Bxc6 15.
cxb5 axb5 16. Bxb5 Nxe4 17. Bxc6 Nxc3 18. Qe3 Rxa2 19. Rxa2 Nxa2 20. Bd2 d5 21.
Kg2 Nb4 22. Bxb4 Bxb4 23. Nd3 exf4 24. Qxf4 Be7 25. Bxd5 Nf6 26. Bc4 Qa8+ 27.
Qf3 Qxf3+ 28. Kxf3 Nd7 29. Ra1 Bf6 30. Ra7 Ne5+ 31. Nxe5 Bxe5 32. b4 g5 33. Ke4
Bb8 34. Rb7 Kg7 35. Bxf7 Rd8 36. b5 Bd6 37. Bh5+ Kh6 38. Bg4 Bc5 39. Bf5 g4 40.
Rxh7+ Kg5 41. Rg7+ Kf6 42. Rg6+ Ke7 43. Bxg4 Rd4+ 44. Ke5 Rb4 45. Re6+ Kf7 46.
Bh5+ Kg7 47. Be2 Bg1 48. h4 Bf2 49. h5 Bxg3+ 50. Kf5 Bf4 51. b6 Bd2 52. Rd6 Be3
53. Rd7+ Kh6 54. b7 Rf4+ 55. Ke6 Rb4 56. Bf3 Bf4 57. Rf7 Rb6+ 58. Kf5 Bh2 59.
Be2 Bg3 60. Kg4 Be5 61. Bd3 Rb4+ 62. Kf3 Kxh5 63. Rf5+ Kh6 64. Rxe5 Rxb7 65.
Kf4 Rb6 66. Re7 1-0

[Event "4NCL Division 2d"]
[Site "Telford, ENG"]
[Date "2018.03.18"]
[Round "8.62"]
[White "McMichael, Richard J"]
[Black "Bullen, Alex"]
[Result "0-1"]
[WhiteElo "2232"]
[BlackElo "2148"]
[PlyCount "52"]
[EventDate "2018.03.18"]
[WhiteTeam "Kings Head"]
[BlackTeam "West is Best 2"]

1. b3 d5 2. Bb2 Bg4 3. f3 Bh5 4. Nh3 e6 5. e3 Nf6 6. Nf4 Bd6 7. Nc3 c6 8. Qe2
a5 9. Nxh5 Nxh5 10. O-O-O a4 11. Nxa4 b5 12. Nc3 Qa5 13. g4 Nf6 14. e4 Ba3 15.
exd5 Bxb2+ 16. Kxb2 Qa3+ 17. Kb1 Nxd5 18. Bg2 O-O 19. f4 b4 20. Bxd5 bxc3 21.
dxc3 cxd5 22. f5 Qxa2+ 23. Kc1 Qa3+ 24. Kd2 Qd6 25. Qe3 Nd7 26. Qf2 Nc5 0-1

[Event "4NCL Division 2d"]
[Site "Telford, ENG"]
[Date "2018.03.18"]
[Round "8.63"]
[White "Spencer, Douglas"]
[Black "Okike, David"]
[Result "1/2-1/2"]
[WhiteElo "2003"]
[BlackElo "2190"]
[PlyCount "179"]
[EventDate "2018.03.18"]
[WhiteTeam "West is Best 2"]
[BlackTeam "Kings Head"]

1. d4 Nf6 2. Nf3 e6 3. Bf4 c5 4. e3 d5 5. c3 Bd6 6. Bg3 Qc7 7. Nbd2 Nbd7 8. Qc2
a6 9. Be2 Rb8 10. O-O O-O 11. Rfe1 b5 12. Bxd6 Qxd6 13. e4 cxd4 14. Nxd4 dxe4
15. Nxe4 Nxe4 16. Qxe4 Bb7 17. Qe3 Nf6 18. Bf3 Bd5 19. Bxd5 Qxd5 20. Qf3 Rfc8
21. Qxd5 Nxd5 22. Rac1 g6 23. g3 Rc7 24. Kg2 Rbc8 25. Rcd1 Nb6 26. Re2 Rd7 27.
Rde1 b4 28. Nxe6 fxe6 29. Rxe6 bxc3 30. bxc3 Nd5 31. Rxa6 Rxc3 32. Re8+ Kg7 33.
Re2 Rc1 34. Rae6 Ra1 35. h4 Kf7 36. Ra6 Nb4 37. Ra5 Nd3 38. h5 Ne1+ 39. Kh3 Nf3
40. hxg6+ hxg6 41. Kg4 Nd2 42. Ra6 Nb3 43. f4 Nd4 44. Rd2 Rg1 45. Rd3 Rd5 46.
Ra7+ Kf6 47. Rda3 Nf5 48. R3a6+ Nd6 49. Rd7 Ke6 50. Rg7 Kf6 51. Rd7 Rgd1 52.
Ra3 R1d2 53. Kf3 Rc2 54. Re3 Rxa2 55. g4 Rh2 56. g5+ Kf5 57. Rxd6 Rh3+ 58. Kf2
Rxd6 59. Rxh3 Kxf4 60. Rf3+ Kxg5 61. Kg3 Ra6 62. Rb3 Ra5 63. Rf3 Ra4 64. Rb3
Rg4+ 65. Kh3 Rf4 66. Kg3 Rf5 67. Ra3 Kh5 68. Rb3 Rf1 69. Kh3 g5 70. Kg3 Rg1+
71. Kh3 Re1 72. Ra3 Kg6 73. Kg4 Re4+ 74. Kg3 Kf5 75. Ra5+ Kg6 76. Ra3 Rb4 77.
Rc3 Kh5 78. Ra3 Rb2 79. Rc3 Rb5 80. Ra3 g4 81. Rc3 Kg5 82. Ra3 Kf5 83. Rc3 Ra5
84. Rb3 Re5 85. Rc3 Kg5 86. Rb3 Re4 87. Rb5+ Kf6 88. Rb6+ Re6 89. Rxe6+ Kxe6
90. Kxg4 1/2-1/2

[Event "4NCL Division 2d"]
[Site "Telford, ENG"]
[Date "2018.03.18"]
[Round "8.64"]
[White "Ward, Julian T"]
[Black "Taylor, William J"]
[Result "1-0"]
[WhiteElo "2139"]
[BlackElo "2066"]
[PlyCount "129"]
[EventDate "2018.03.18"]
[WhiteTeam "Kings Head"]
[BlackTeam "West is Best 2"]

1. Nf3 Nf6 2. c4 g6 3. g3 Bg7 4. Bg2 O-O 5. O-O d6 6. Nc3 Nc6 7. d4 a6 8. Qc2
Bf5 9. e4 Bg4 10. d5 Bxf3 11. Bxf3 Nd4 12. Qd1 Nxf3+ 13. Qxf3 Nd7 14. Qe2 e6
15. Be3 exd5 16. cxd5 Re8 17. Rac1 Nc5 18. Qc2 a5 19. f3 Qd7 20. Ne2 Re7 21.
Bd4 Bxd4+ 22. Nxd4 Qa4 23. Qxa4 Nxa4 24. Rf2 Ra6 25. Rfc2 Nc5 26. Rd1 Rb6 27.
Kg2 Re5 28. Ne2 Ra6 29. Rd4 Ra8 30. Nc3 a4 31. Kf2 f5 32. exf5 Rxf5 33. Kg2 Re5
34. Ne4 Nxe4 35. fxe4 Rae8 36. Kf3 R5e7 37. Rxa4 Rf8+ 38. Ke3 Rf1 39. Rac4 Rff7
40. Rf2 Rxf2 41. Kxf2 Kf7 42. Ke3 Ke8 43. Rc2 Kd7 44. Rf2 c6 45. Kd4 Kc7 46. h4
h5 47. Rf6 Rg7 48. dxc6 bxc6 49. e5 dxe5+ 50. Kc5 g5 51. Rxc6+ Kb7 52. Rb6+ Ka7
53. Rh6 gxh4 54. gxh4 Rg2 55. b4 Rxa2 56. Rh7+ Kb8 57. Rxh5 Rh2 58. b5 e4 59.
Kd4 Re2 60. Re5 Rb2 61. h5 e3 62. Kxe3 Rb4 63. Kf3 Rh4 64. Kg3 Rh1 65. Kg4 1-0

[Event "4NCL Division 2d"]
[Site "Telford, ENG"]
[Date "2018.03.18"]
[Round "8.65"]
[White "Davies, Matthew"]
[Black "Guthrie, David"]
[Result "1/2-1/2"]
[WhiteElo "2006"]
[BlackElo "2137"]
[PlyCount "224"]
[EventDate "2018.03.18"]
[WhiteTeam "West is Best 2"]
[BlackTeam "Kings Head"]

1. d4 Nf6 2. c4 e6 3. Nc3 Bb4 4. e3 O-O 5. Nge2 c6 6. a3 Ba5 7. Bd2 d5 8. cxd5
exd5 9. Ng3 Re8 10. Bd3 c5 11. O-O cxd4 12. exd4 Nc6 13. Bg5 h6 14. Be3 Bg4 15.
Qd2 Ne4 16. Bxe4 dxe4 17. b4 Bc7 18. Ngxe4 Qh4 19. Bf4 Bb6 20. Bg3 Qh5 21. h3
Bf5 22. Nc5 Rad8 23. d5 Bc8 24. Rfe1 Ne5 25. Bxe5 Rxe5 26. Rxe5 Qxe5 27. Re1
Qd6 28. Qe3 Bc7 29. g3 a6 30. h4 b6 31. Nd3 Bb7 32. Nf4 Qf6 33. Ne4 Qf5 34. Nc3
Bxf4 35. Qxf4 Qxf4 36. gxf4 Kf8 37. Rd1 Ke7 38. Kf1 Rc8 39. Rd3 Rc4 40. Rf3 Rd4
41. Ke2 Bxd5 42. Nxd5+ Rxd5 43. Rc3 Kd7 44. Kf3 a5 45. bxa5 Rxa5 46. Kg4 h5+
47. Kg3 Kd6 48. f3 Rf5 49. Rc8 Kd5 50. Rc7 Rf6 51. Rc3 Kd4 52. Rc7 b5 53. Rb7
Kc4 54. Rc7+ Kb3 55. Rb7 Rf5 56. Ra7 g6 57. Ra6 Kc4 58. Ra7 Rf6 59. Rc7+ Kd4
60. Rb7 Kc5 61. Rc7+ Kd5 62. Rb7 Kc6 63. Ra7 Kb6 64. Rd7 Rf5 65. Re7 Kc5 66.
Rc7+ Kd6 67. Rb7 Ke6 68. a4 bxa4 69. Ra7 Rb5 70. Rxa4 Kf5 71. Ra7 f6 72. Ra4
Rd5 73. Rb4 Ra5 74. Rc4 Ke6 75. Rc6+ Ke7 76. Rb6 Rd5 77. Ra6 Rd6 78. Ra7+ Ke6
79. Ra5 Rc6 80. Rb5 f5 81. Re5+ Kd6 82. Ra5 Ke6 83. Re5+ Kd7 84. Ra5 Rb6 85.
Rc5 Rc6 86. Rd5+ Rd6 87. Ra5 Rd1 88. Ra6 Ke7 89. Rb6 Rd6 90. Rb5 Kd7 91. Ra5
Kc6 92. Re5 Rd1 93. Ra5 Rg1+ 94. Kf2 Rb1 95. Re5 Kd6 96. Ra5 Rb6 97. Kg3 Ke6
98. Re5+ Kf7 99. Ra5 Kg7 100. Ra7+ Kf6 101. Ra5 Rd6 102. Rb5 Ke6 103. Re5+ Kd7
104. Ra5 Rc6 105. Rb5 Kd6 106. Ra5 Rb6 107. Kf2 Kc6 108. Kg3 Rb5 109. Ra6+ Rb6
110. Ra5 Rb2 111. Ra6+ Rb6 112. Ra5 Kd7 1/2-1/2

[Event "4NCL Division 2d"]
[Site "Telford, ENG"]
[Date "2018.03.18"]
[Round "8.66"]
[White "Gilfillan, Andrew"]
[Black "Gregory, Andrew M"]
[Result "0-1"]
[WhiteElo "1965"]
[BlackElo "1993"]
[PlyCount "67"]
[EventDate "2018.03.18"]
[WhiteTeam "Kings Head"]
[BlackTeam "West is Best 2"]

1. e4 d6 2. d4 Nf6 3. Nc3 g6 4. Be3 Bg7 5. Qd2 O-O 6. f3 c6 7. O-O-O b5 8. Kb1
a5 9. Bh6 Qb6 10. h4 Nh5 11. Bxg7 Kxg7 12. Nge2 a4 13. g4 Nf6 14. Ng3 b4 15.
Nce2 b3 16. cxb3 axb3 17. a3 Qa5 18. Qe3 Be6 19. Nf4 Bd7 20. h5 Ng8 21. hxg6
fxg6 22. Bc4 Qc7 23. Bxb3 Na6 24. Nf5+ gxf5 25. Ne6+ Bxe6 26. Qg5+ Kf7 27. Qh5+
Kg7 28. Qxh7+ Kf6 29. g5+ Kxg5 30. Rdg1+ Kf4 31. Qh4+ Ke3 32. Qe1+ Kd3 33. Qc3+
Ke2 34. Rg2# 0-1

[Event "4NCL Division 2d"]
[Site "Telford, ENG"]
[Date "2018.03.18"]
[Round "8.67"]
[White "Howell, Oliver W"]
[Black "Disu, Kayode"]
[Result "1/2-1/2"]
[WhiteElo "1975"]
[BlackElo "1931"]
[PlyCount "95"]
[EventDate "2018.03.18"]
[WhiteTeam "West is Best 2"]
[BlackTeam "Kings Head"]

1. Nf3 Nf6 2. c4 g6 3. g3 Bg7 4. Bg2 O-O 5. O-O c5 6. Nc3 Nc6 7. d4 cxd4 8.
Nxd4 Qa5 9. e3 Qb4 10. Qa4 Qxa4 11. Nxa4 Ne5 12. b3 d6 13. Ba3 Bd7 14. Nc3 Nc6
15. Rac1 Rfc8 16. Rc2 Rab8 17. Rfc1 a5 18. Nxc6 Bxc6 19. Nd5 Nxd5 20. cxd5 Bd7
21. Rc7 Rd8 22. Bf1 Kf8 23. f3 Ke8 24. Kf2 Rdc8 25. Rxc8+ Rxc8 26. Bb5 Kd8 27.
Bxd7 Kxd7 28. Ke2 b5 29. Rxc8 Kxc8 30. Kd3 Kb7 31. Bc1 Bh6 32. a4 Ka6 33. f4 f5
34. Bb2 Bf8 35. e4 Kb6 36. Bd4+ Ka6 37. exf5 gxf5 38. Ke3 bxa4 39. bxa4 Kb7 40.
h3 h5 41. Kf3 Kc7 42. g4 hxg4+ 43. hxg4 fxg4+ 44. Kxg4 Bh6 45. Kf5 Kd7 46. Bc3
Bxf4 47. Bxa5 Be3 48. Bc3 1/2-1/2

[Event "4NCL Division 2d"]
[Site "Telford, ENG"]
[Date "2018.03.18"]
[Round "8.68"]
[White "Usharovsky, Ron"]
[Black "Humphreys, Jerry G"]
[Result "0-1"]
[WhiteElo "1526"]
[BlackElo "2035"]
[PlyCount "92"]
[EventDate "2018.03.18"]
[WhiteTeam "Kings Head"]
[BlackTeam "West is Best 2"]

1. e4 c5 2. c3 Nf6 3. e5 Nd5 4. d4 cxd4 5. cxd4 e6 6. Nf3 Nc6 7. Nc3 Nxc3 8.
bxc3 d6 9. Ba3 Be7 10. Bb5 O-O 11. O-O dxe5 12. Bxe7 Qxe7 13. Bxc6 bxc6 14.
Nxe5 c5 15. dxc5 Qxc5 16. Qd4 Qxd4 17. cxd4 Rd8 18. Rfd1 Bb7 19. Rac1 Rac8 20.
Rc4 f6 21. Rxc8 Rxc8 22. Nd7 Kf7 23. Nc5 Bd5 24. Rb1 e5 25. Nb7 Ke7 26. dxe5
Rb8 27. exf6+ Kxf6 28. f3 Rxb7 29. Rxb7 Bxb7 30. Kf2 Ke5 31. Ke3 a5 32. Kd3 Bd5
33. a3 Be6 34. g3 Kd5 35. Kc3 Bh3 36. Kd3 Bf1+ 37. Kc3 Be2 38. f4 Ke4 39. Kb3
Bb5 40. Kc3 Kf3 41. Kd4 Kg2 42. Ke5 Kxh2 43. g4 Kg3 44. g5 Kg4 45. Ke4 Bd7 46.
Ke5 Bf5 0-1

[Event "4NCL Division 2d"]
[Site "Telford, ENG"]
[Date "2018.03.18"]
[Round "8.71"]
[White "Pitcher, John"]
[Black "Cumming, Rhys"]
[Result "1/2-1/2"]
[WhiteElo "2237"]
[BlackElo "2155"]
[PlyCount "57"]
[EventDate "2018.03.18"]
[WhiteTeam "Warwickshire Select 1"]
[BlackTeam "Sussex Martlets 1"]

1. e4 e5 2. Bc4 Nf6 3. d3 c6 4. Nf3 Be7 5. O-O d6 6. c3 O-O 7. Bb3 Nbd7 8. Re1
Nc5 9. Bc2 Bg4 10. Nbd2 Ne6 11. Nf1 Nd7 12. h3 Bh5 13. Ng3 Bxf3 14. Qxf3 g6 15.
Bh6 Re8 16. Be3 Bg5 17. d4 Bxe3 18. fxe3 Qf6 19. Rf1 Qxf3 20. gxf3 c5 21. Rad1
Nb6 22. Bb3 cxd4 23. cxd4 Rac8 24. Ne2 Nc4 25. Bxc4 Rxc4 26. dxe5 Rc2 27. Rf2
dxe5 28. Nc3 Rxf2 29. Kxf2 1/2-1/2

[Event "4NCL Division 2d"]
[Site "Telford, ENG"]
[Date "2018.03.18"]
[Round "8.72"]
[White "Graham, David B"]
[Black "Mason, Donald J"]
[Result "1/2-1/2"]
[WhiteElo "2152"]
[BlackElo "2192"]
[PlyCount "36"]
[EventDate "2018.03.18"]
[WhiteTeam "Sussex Martlets 1"]
[BlackTeam "Warwickshire Select 1"]

1. e4 e6 2. d3 d5 3. Nd2 Nf6 4. Ngf3 Bc5 5. e5 Nfd7 6. d4 Be7 7. Bd3 c5 8. c3
Nc6 9. O-O g5 10. dxc5 Ndxe5 11. Bb5 O-O 12. Re1 f6 13. Nb3 Nxf3+ 14. Qxf3 e5
15. c4 Be6 16. cxd5 Qxd5 17. Qxd5 Bxd5 18. Be3 Rfd8 1/2-1/2

[Event "4NCL Division 2d"]
[Site "Telford, ENG"]
[Date "2018.03.18"]
[Round "8.73"]
[White "Brooks, Phil J"]
[Black "Willson, Ollie"]
[Result "1/2-1/2"]
[WhiteElo "2174"]
[BlackElo "2117"]
[PlyCount "83"]
[EventDate "2018.03.18"]
[WhiteTeam "Warwickshire Select 1"]
[BlackTeam "Sussex Martlets 1"]

1. d4 Nf6 2. c4 e6 3. Nc3 Bb4 4. Qc2 O-O 5. a3 Bxc3+ 6. Qxc3 d5 7. Bg5 dxc4 8.
Qxc4 b6 9. Nf3 Ba6 10. Qc2 Nbd7 11. Rd1 Qc8 12. e3 Bxf1 13. Kxf1 c5 14. Bxf6
Nxf6 15. dxc5 bxc5 16. Nd2 Qa6+ 17. Nc4 Nd5 18. Rd3 Rab8 19. Ke2 Nb6 20. b3
Nxc4 21. bxc4 Rb6 22. Rhd1 Qb7 23. Kf1 Qe4 24. R3d2 Qxc2 25. Rxc2 Rb3 26. Ra1
Rd8 27. Ke2 Kf8 28. Raa2 Rdd3 29. Rcb2 Rxb2+ 30. Rxb2 Rxa3 31. Rb5 Ra2+ 32. Kf3
Ke7 33. Rxc5 Kd6 34. Rc8 Ra5 35. g4 h5 36. h3 hxg4+ 37. hxg4 Rc5 38. Ra8 Rc7
39. Ke2 Kc5 40. Kd3 Kb4 41. Rb8+ Kc5 42. Kc3 1/2-1/2

[Event "4NCL Division 2d"]
[Site "Telford, ENG"]
[Date "2018.03.18"]
[Round "8.74"]
[White "Forster, Matthew"]
[Black "Baruch, Andrew J D"]
[Result "1-0"]
[WhiteElo "2177"]
[BlackElo "2081"]
[PlyCount "63"]
[EventDate "2018.03.18"]
[WhiteTeam "Sussex Martlets 1"]
[BlackTeam "Warwickshire Select 1"]

1. c4 g6 2. g3 Bg7 3. Bg2 c5 4. Nc3 Nc6 5. a3 b6 6. Nf3 Bb7 7. O-O Nf6 8. Rb1
O-O 9. b4 d6 10. e3 e6 11. d4 cxb4 12. axb4 Qe7 13. Ba3 Rfd8 14. Qa4 a6 15.
Rfc1 Rdc8 16. Qb3 Nd7 17. c5 dxc5 18. bxc5 b5 19. d5 exd5 20. Nxd5 Qf8 21. Bh3
Rd8 22. Bxd7 Rxd7 23. Nb6 Rad8 24. Nxd7 Rxd7 25. Ne1 h5 26. Rd1 Qe8 27. Rxd7
Qxd7 28. Rd1 Qg4 29. f3 Qh3 30. Qd5 Nd4 31. Qd8+ Kh7 32. exd4 1-0

[Event "4NCL Division 2d"]
[Site "Telford, ENG"]
[Date "2018.03.18"]
[Round "8.75"]
[White "Fallowfield, Jeremy R"]
[Black "Bucher, Grant W"]
[Result "1/2-1/2"]
[WhiteElo "2155"]
[BlackElo "2121"]
[PlyCount "44"]
[EventDate "2018.03.18"]
[WhiteTeam "Warwickshire Select 1"]
[BlackTeam "Sussex Martlets 1"]

1. d4 Nf6 2. Nf3 g6 3. Bg5 Bg7 4. Nbd2 O-O 5. c3 d6 6. e4 c5 7. dxc5 dxc5 8.
Bc4 Nc6 9. Qe2 Qc7 10. O-O b6 11. a4 Bb7 12. Rfe1 Ng4 13. Nf1 Rad8 14. Ne3 Nxe3
15. Qxe3 Na5 16. Bf1 c4 17. Bh6 e5 18. Bxg7 Kxg7 19. Nh4 f6 20. Rad1 Bc6 21.
Ra1 Rd7 22. Qg3 Rd2 1/2-1/2

[Event "4NCL Division 2d"]
[Site "Telford, ENG"]
[Date "2018.03.18"]
[Round "8.76"]
[White "Grant, David J"]
[Black "Green, Anthony J"]
[Result "1/2-1/2"]
[WhiteElo "2192"]
[BlackElo "1989"]
[PlyCount "53"]
[EventDate "2018.03.18"]
[WhiteTeam "Sussex Martlets 1"]
[BlackTeam "Warwickshire Select 1"]

1. e4 d6 2. d4 Nf6 3. Nc3 Nbd7 4. Nf3 e5 5. Bc4 Be7 6. O-O c6 7. a4 Qc7 8. Re1
h6 9. a5 Nf8 10. h3 g5 11. Qd3 Ng6 12. b4 Nh5 13. Ne2 Nhf4 14. Nxf4 Nxf4 15.
Qb3 Bf6 16. dxe5 dxe5 17. b5 cxb5 18. Bxb5+ Kf8 19. Bb2 Be6 20. Qa3+ Kg7 21. a6
b6 22. Rad1 Rhd8 23. Rxd8 Rxd8 24. Qc3 Qxc3 25. Bxc3 Ng6 26. Re3 Rc8 27. Nd2
1/2-1/2

[Event "4NCL Division 2d"]
[Site "Telford, ENG"]
[Date "2018.03.18"]
[Round "8.78"]
[White "Lunn, Matthew"]
[Black "Patel, Devan"]
[Result "1/2-1/2"]
[WhiteElo "2069"]
[BlackElo "1855"]
[PlyCount "62"]
[EventDate "2018.03.18"]
[WhiteTeam "Sussex Martlets 1"]
[BlackTeam "Warwickshire Select 1"]

1. d4 d5 2. c4 e6 3. Nc3 Nf6 4. cxd5 exd5 5. Bg5 Be7 6. e3 c6 7. Bd3 Nbd7 8.
Qc2 h6 9. Bh4 O-O 10. Nge2 Re8 11. O-O Ne4 12. Bxe7 Qxe7 13. Rae1 Ndf6 14. f3
Nxc3 15. Nxc3 Be6 16. Qf2 Rad8 17. g4 g6 18. h3 h5 19. Qg3 hxg4 20. fxg4 Kg7
21. Rf4 Qb4 22. Qf2 Nh7 23. Rf1 Rd7 24. h4 Rh8 25. g5 Qe7 26. Qg3 Qb4 27. Nd1
Qd2 28. Bb1 Nf8 29. R4f2 Qa5 30. Rf4 Qd2 31. R4f2 Qa5 1/2-1/2

[Event "4NCL Division 2d"]
[Site "Telford, ENG"]
[Date "2018.03.18"]
[Round "8.81"]
[White "Harakis, Alexis M"]
[Black "Klingher, Dominic"]
[Result "1-0"]
[WhiteElo "2261"]
[BlackElo "2222"]
[Annotator "master"]
[PlyCount "59"]
[EventDate "2018.03.18"]
[WhiteTeam "KJCA Kings"]
[BlackTeam "Barbican Youth"]

1. e4 e6 2. d4 d5 3. Nd2 Nf6 4. e5 Nfd7 5. f4 c5 6. Ngf3 Nc6 7. Nb3 c4 8. Nbd2
f6 9. Be2 fxe5 10. fxe5 Nxd4 11. Nxd4 Qh4+ 12. g3 Qxd4 13. c3 Qb6 14. Nf3 Bc5
15. b4 Bf2+ 16. Kf1 O-O 17. Kg2 Be3 18. Rf1 a5 19. b5 Bxc1 20. Qxc1 Nc5 21. Qe3
a4 22. Nd4 Bd7 23. Rf4 Qc7 24. Bg4 {(=)} Rfe8 25. Raf1 Nd3 26. Rf7 Nxe5 27. Qf4
Rac8 28. Bxe6 Nxf7 29. Qxf7+ Kh8 30. Bxd7 1-0

[Event "4NCL Division 2d"]
[Site "Telford, ENG"]
[Date "2018.03.18"]
[Round "8.83"]
[White "Bansal, Rohan"]
[Black "Brett, Andrew R"]
[Result "1/2-1/2"]
[WhiteElo "2028"]
[BlackElo "2107"]
[PlyCount "34"]
[EventDate "2018.03.18"]
[WhiteTeam "KJCA Kings"]
[BlackTeam "Barbican Youth"]

1. d4 Nf6 2. c4 e6 3. Nf3 d5 4. Nc3 Be7 5. Bg5 Nbd7 6. e3 h6 7. Bh4 O-O 8. Qc2
c5 9. cxd5 Nxd5 10. Bxe7 Qxe7 11. Nxd5 exd5 12. dxc5 Nxc5 13. Be2 Bg4 14. Nd4
Bxe2 15. Qxe2 Ne6 16. Qd2 Nxd4 17. Qxd4 Qe4 1/2-1/2